00756nam a2200253 a 4500001001300000003000900013005001700022008004100039020000800080082002000088100001700108245006400125260004000189300000900229500003500238505001000273650002700283650002900310700001700339902000800356942000700364952011600371999001500487nice12345678IN_TiNIC20260116011433.0050524s0000 lona grp 000 0 eng  ac000a266.354092bPAG aPage, Jessie aHenry Martyn, His Life and Laboursb Cambridge-India-Persia aLondonbS.W. Partridge and Coc0000 a160p aincludes index and biblioraphy2 aIndex aHenry Martyn-Biography aIndia-Christian Missions1 aPage, Jessie bRBA cBK 001040708RareBook->aHMIbHMId2005-05-24g0.00l0o266.354092 PAGp00666r2005-05-24v0.00w2005-05-24yBK c1525d1525